000 00697nam a2200301Ia 4500
005 20260330160936.0
008 008 300114s9999 xx 000 0 eng d
020 _a9789351342984
037 _aEBOOK
040 _aCRL
040 _beng
040 _cCRL
041 _2eng
041 _aeng
084 _qCRL
100 _aChoudhury
_9892686
245 0 _aManagement By Idiots
250 _a1
260 _bMcgraw Hill
260 _c2013
365 _aINR
365 _b27300
650 _aManagement
856 _uhttps://resolver.vitalsource.com/9789351342984/?brand=mcgrawhillindia.vitalsource.com
942 _cEBOOK
999 _c1844380
_d1844380